[Event "DEN-ch cand"]
[Site "Svendborg"]
[Date "2018.03.29"]
[Round "3"]
[White "Kistrup, Nicolai"]
[Black "Hardlei, Johan"]
[Result "1-0"]
[WhiteElo "2004"]
[BlackElo "2188"]
[PlyCount "43"]
[EventDate "2018.03.27"]
[EventType "swiss"]
[EventRounds "7"]
[EventCountry "DEN"]
[SourceTitle "EXT 2019"]
[Source "ChessBase"]
[SourceDate "2018.10.10"]
[SourceVersion "1"]
[SourceVersionDate "2018.10.10"]
[SourceQuality "1"]

1. d4 Nf6 2. c4 c5 3. d5 e6 4. Nc3 exd5 5. cxd5 d6 6. e4 g6 7. Nf3 Bg7 8. h3 0-0 9. Bd3 b5 10. Bxb5 Nxe4 11. Nxe4 Qa5+ 12. Nfd2 Qxb5 13. Nxd6 Qa6 14. N2c4 Rd8 15. Bf4 Rxd6 16. Nxd6 Bxb2 17. Nxc8 Bxa1 18. Qxa1 Qxc8 19. Bh6 Qe8+ 20. Kf1 Qb5+ 21. Kg1 f6 22. Qxf6 1-0

[Event "Aarhus-chC"]
[Site "Aarhus"]
[Date "2018.02.18"]
[Round "5"]
[White "Hardlei, Johan"]
[Black "Easwaralingam, Adesh"]
[Result "1-0"]
[WhiteElo "2145"]
[BlackElo "1992"]
[PlyCount "103"]
[EventDate "2018.02.16"]
[EventType "tourn"]
[EventRounds "5"]
[EventCountry "DEN"]
[SourceTitle "CBM 183 Extra"]
[Source "ChessBase"]
[SourceDate "2018.04.19"]
[SourceVersion "1"]
[SourceVersionDate "2018.04.19"]
[SourceQuality "1"]

1. e4 c5 2. Nc3 a6 3. g3 b5 4. Bg2 Bb7 5. d3 e6 6. f4 d6 7. Nf3 Nd7 8. 0-0 Ngf6 9. Be3 Be7 10. Ne2 0-0 11. h3 d5 12. e5 Ne8 13. c3 Nb6 14. g4 f6 15. Ng3 d4 16. cxd4 cxd4 17. Nxd4 Bc5 18. Bxb7 Bxd4 19. Qe2 Rb8 20. Bg2 fxe5 21. fxe5 Rxf1+ 22. Rxf1 Bxe5 23. Qf2 Nf6 24. Ne4 Nbd5 25. Ba7 Rc8 26. g5 Nxe4 27. Qf7+ Kh8 28. dxe4 Nb4 29. Qxe6 Nd3 30. Qd5 Bxb2 31. Rd1 Qc7 32. Be3 Nb4 33. Qb3 Qc2 34. Qxc2 Nxc2 35. Bb6 Be5 36. Rd8+ Rxd8 37. Bxd8 Bd4+ 38. Kf1 Ne3+ 39. Kf2 Nxg2+ 40. Kxg2 Kg8 41. Kf3 Kf7 42. Kf4 Ke6 43. Bc7 g6 44. Kf3 Bc3 45. Ke3 Bb2 46. Bd8 Ba3 47. Kd4 Bb4 48. Bc7 Ba3 49. Bf4 Be7 50. Kc3 Bd6 51. Bxd6 Kxd6 52. Kb4 1-0

[Event "Aarhus-chC"]
[Site "Aarhus"]
[Date "2018.02.17"]
[Round "2"]
[White "Hardlei, Johan"]
[Black "Madsen, Michael Bohring"]
[Result "1-0"]
[WhiteElo "2145"]
[BlackElo "2110"]
[PlyCount "67"]
[EventDate "2018.02.16"]
[EventType "tourn"]
[EventRounds "5"]
[EventCountry "DEN"]
[SourceTitle "CBM 183 Extra"]
[Source "ChessBase"]
[SourceDate "2018.04.19"]
[SourceVersion "1"]
[SourceVersionDate "2018.04.19"]
[SourceQuality "1"]

1. d4 Nf6 2. Nf3 d5 3. c4 e6 4. e3 a6 5. b3 c5 6. Bd3 cxd4 7. exd4 b6 8. 0-0 Bb7 9. Ba3 Bxa3 10. Nxa3 Nbd7 11. Qe2 0-0 12. Nc2 Re8 13. Ne5 Nf8 14. c5 Qc7 15. b4 Ng6 16. Bxg6 hxg6 17. Ne3 bxc5 18. bxc5 a5 19. Qc2 Ba6 20. Rfb1 Nd7 21. Nxd7 Qxd7 22. Ng4 Reb8 23. Ne5 Qc7 24. Rxb8+ Rxb8 25. Rb1 Rxb1+ 26. Qxb1 g5 27. Qb6 Qc8 28. Nc6 Kf8 29. Nxa5 Ke8 30. c6 Bc4 31. Nb7 Ke7 32. c7 Qa8 33. Qd6+ Kf6 34. Qd8+ 1-0

[Event "Aarhus op-A"]
[Site "Aarhus"]
[Date "2017.09.09"]
[Round "4"]
[White "Hardlei, Johan"]
[Black "Light, Bjarne"]
[Result "1-0"]
[WhiteElo "2171"]
[BlackElo "2223"]
[PlyCount "175"]
[EventDate "2017.09.08"]
[EventType "swiss"]
[EventRounds "7"]
[EventCountry "DEN"]
[SourceTitle "EXT 2018"]
[Source "ChessBase"]
[SourceDate "2017.10.13"]
[SourceVersion "1"]
[SourceVersionDate "2017.10.13"]
[SourceQuality "1"]

1. d4 Nf6 2. Nf3 d5 3. c4 e6 4. e3 Bb4+ 5. Bd2 Bd6 6. Bd3 b6 7. 0-0 0-0 8. Nc3 Ba6 9. Qe2 c5 10. cxd5 Bxd3 11. Qxd3 exd5 12. dxc5 bxc5 13. Nb5 Be7 14. Bc3 Nbd7 15. Bxf6 Nxf6 16. b3 Qa5 17. Rfd1 Rfd8 18. Nc3 Rac8 19. Rac1 h6 20. Qb5 Qc7 21. h3 Rb8 22. Qe2 Qa5 23. Ne5 Rbc8 24. Ng4 c4 25. bxc4 dxc4 26. Nxf6+ Bxf6 27. Rxd8+ Bxd8 28. Ne4 Qd5 29. Nc3 Qe6 30. Qd2 Be7 31. Qd5 Qa6 32. Qd7 Ba3 33. Rc2 Rb8 34. Qa4 Rb1+ 35. Kh2 Qd6+ 36. g3 Rb7 37. Qe8+ Qf8 38. Qc6 Rb8 39. Qxc4 Rc8 40. Qd4 Bb4 41. Rc1 Bc5 42. Qd3 Bb6 43. Rd1 Qa3 44. Nd5 Qxd3 45. Rxd3 Rc2 46. Nxb6 axb6 47. Kg2 Rxa2 48. Rb3 Ra6 49. Kf3 Kf8 50. Ke4 Ke7 51. Kd5 Kd7 52. e4 Ra5+ 53. Kd4 Kc6 54. f4 Ra1 55. Ke5 Ra5+ 56. Kd4 Ra7 57. Rc3+ Kd7 58. g4 Ra1 59. e5 g6 60. Ke4 Re1+ 61. Kd5 Rd1+ 62. Ke4 Re1+ 63. Kd5 Rd1+ 64. Kc4 Rf1 65. Rd3+ Kc7 66. Rd4 Rf3 67. h4 Rh3 68. Rd6 Rxh4 69. Rf6 Rxg4 70. Rxf7+ Kc6 71. Rf6+ Kd7 72. Kd5 b5 73. Rf7+ Ke8 74. Ke6 h5 75. Rb7 Kf8 76. f5 gxf5 77. Kf6 Kg8 78. e6 Re4 79. e7 f4 80. Rxb5 f3 81. Rg5+ Kh7 82. Rxh5+ Kg8 83. Rg5+ Kh7 84. Rf5 Kg8 85. Rxf3 Re2 86. Rf5 Re1 87. Rg5+ Kh8 88. Re5 1-0

[Event "Horsens Lang Weekend"]
[Site "Horsens"]
[Date "2017.07.15"]
[Round "5"]
[White "Hardlei, Johan"]
[Black "Thorsbro, Peter"]
[Result "1/2-1/2"]
[WhiteElo "2046"]
[BlackElo "2151"]
[PlyCount "147"]
[EventDate "2017.07.13"]
[EventType "swiss"]
[EventRounds "7"]
[EventCountry "DEN"]
[SourceTitle "EXT 2018"]
[Source "ChessBase"]
[SourceDate "2017.10.13"]
[SourceVersion "1"]
[SourceVersionDate "2017.10.13"]
[SourceQuality "1"]

1. b3 e5 2. Bb2 Nc6 3. e3 g6 4. f4 Bg7 5. Nf3 d6 6. Bb5 Nge7 7. 0-0 0-0 8. fxe5 Nxe5 9. Nxe5 dxe5 10. Nc3 Bf5 11. Bc4 Qd7 12. e4 Be6 13. Bxe6 Qxe6 14. Ba3 Rfd8 15. Kh1 Nc6 16. Nd5 Rd7 17. d3 Nd4 18. Bc5 c6 19. Ne3 h5 20. Bxd4 exd4 21. Nc4 b5 22. Nd2 Rc8 23. a4 a6 24. Qf3 Bh6 25. Rf2 c5 26. axb5 axb5 27. Nf1 Kg7 28. h3 c4 29. bxc4 bxc4 30. g4 hxg4 31. hxg4 cxd3 32. cxd3 Bg5 33. Ra5 Rh8+ 34. Kg1 Bd8 35. Rd5 Rb7 36. Rh2 Rxh2 37. Nxh2 Rb1+ 38. Nf1 Bc7 39. Kg2 Rb2+ 40. Kg1 Qe7 41. g5 Be5 42. Qg4 Qc7 43. Qh3 Kg8 44. Qd7 Qxd7 45. Rxd7 Rb3 46. Rd5 f6 47. gxf6 Bxf6 48. e5 Be7 49. Kf2 Bh4+ 50. Kf3 Rxd3+ 51. Ke2 Ra3 52. Rxd4 Be7 53. Nd2 Kf7 54. Ne4 Ke6 55. Nd2 Kxe5 56. Rd3 Ra4 57. Kf3 Bg5 58. Nf1 Rf4+ 59. Kg2 Bh4 60. Rf3 Ra4 61. Kh3 Bg5 62. Nh2 Rh4+ 63. Kg3 Rf4 64. Ng4+ Ke4 65. Nf2+ Kf5 66. Rxf4+ Bxf4+ 67. Kg2 Bc7 68. Kf3 Bb6 69. Ng4 Bd4 70. Nh2 Bc5 71. Ng4 Bg1 72. Nh6+ Kg5 73. Ng4 Bd4 74. Nh2 1/2-1/2